K niektorým otázkam spoločenskej triedy a sociálneho statusu v slovenskej spoločnosti

Charakterizovanie sociálnej stratifikácie slovenskej spoločnosti a určovanie pozície jednotlivcov v systéme sociálno-triednych a statusových nerovností obyvateľstva Slovenskej republiky.

Guardado en:
Detalles Bibliográficos
Autor principal: Sopóci, Ján
Formato: Capítulo de libro
Lenguaje:eslovaco
Materias:
Etiquetas: Agregar Etiqueta
Sin Etiquetas, Sea el primero en etiquetar este registro!

MARC

LEADER 00000naa a2200000 4500
001 0188898
005 20231208094106.7
041 0 |a slo 
044 |a SK 
245 1 0 |a K niektorým otázkam spoločenskej triedy a sociálneho statusu v slovenskej spoločnosti  |c Ján Sopóci 
520 |a Charakterizovanie sociálnej stratifikácie slovenskej spoločnosti a určovanie pozície jednotlivcov v systéme sociálno-triednych a statusových nerovností obyvateľstva Slovenskej republiky. 
610 2 0 |a Slovensko 
610 2 0 |a stratifikácia sociálna 
610 2 0 |a postavenie spoločenské 
610 2 0 |a diferenciácia sociálna 
610 2 0 |a skupiny sociálne 
610 2 0 |a triedy a vrstvy 
100 1 |a Sopóci, Ján